A diplomatic theater of the absurd: Canada, the OAS, and the Honduran Coup /

Zapisane w:
Opis bibliograficzny
1. autor: Cameron, Maxwell A.
Kolejni autorzy: Tockman, Jason
Format: Texto
Etykiety: Dodaj etykietę
Nie ma etykietki, Dołącz pierwszą etykiete!

MARC

LEADER 00000 a a2200000 04500
001 43716
003
040
100 |a Cameron, Maxwell A.  
245 |a A diplomatic theater of the absurd:   |b Canada, the OAS, and the Honduran Coup /  |c Maxwell A. Cameron ; Jason Tockman  
700 |a Tockman, Jason  
773 |g volumen43, número3 (2010), páginas 18-22  
999 |c 26067  |d 26067